| 000 | 00626nam a2200181Ia 4500 | ||
|---|---|---|---|
| 008 | 220216s9999 xx 000 0 und d | ||
| 100 | _aThomas M | ||
| 245 | 0 | _aExpression of NAC transcription factor under drought stress in Hevea brasiliensis | |
| 260 | _bIRC 2012. International Rubber Conference, 28-31 October 2012, Kovalam, India, Rubber Research Institute of India, Kottayam and IRRDB, Malaysia: Abstracts. pp.86. | ||
| 650 | _aDrought stress | ||
| 700 | _aAnnamalainathan K | ||
| 700 | _aJacob J | ||
| 700 | _aKrishnakumar R | ||
| 700 | _aLuke L P | ||
| 700 | _aSaha T | ||
| 700 | _aSathik M B M | ||
| 942 | _cBS | ||
| 999 |
_c50007 _d50007 |
||